[Event "IND-ch Schools"]
[Site "Gyan Bhawan Patna"]
[Date "2024.02.06"]
[Round "1"]
[White "Nepal, Prakash Chandra"]
[Black "Advik, Amit Agrawal"]
[Result "0-1"]
[WhiteElo "1900"]
[BlackElo "1490"]
[PlyCount "72"]
[EventDate "2024.02.06"]
[EventType "swiss"]
[EventRounds "9"]
[EventCountry "IND"]
[SourceTitle "EXT 2025"]
[Source "ChessBase"]
[SourceDate "2024.10.14"]
[SourceVersion "1"]
[SourceVersionDate "2024.10.14"]
[SourceQuality "1"]

1. e4 e6 2. Nf3 d5 3. Nc3 dxe4 4. Nxe4 Nd7 5. Bb5 c6 6. Bc4 Ngf6 7. 0-0 Nxe4 8. d3 Nef6 9. Bf4 Be7 10. Re1 0-0 11. h3 Nd5 12. Bxd5 cxd5 13. c4 Nf6 14. Ne5 Qb6 15. b3 Rd8 16. Be3 d4 17. Bd2 Bd7 18. a4 a5 19. Rb1 Bb4 20. Bxb4 Qxb4 21. Nxd7 Rxd7 22. Qf3 Rad8 23. Re5 Qd2 24. Rb5 Kf8 25. b4 axb4 26. R5xb4 e5 27. Rxb7 Rxb7 28. Rxb7 e4 29. dxe4 d3 30. e5 Qe1+ 31. Kh2 Qxe5+ 32. g3 d2 33. Qd1 Qe1 34. Qf3 d1Q 35. Qa3+ Kg8 36. h4 Qh1# 0-1

[Event "NEP-ch"]
[Site "Kathmandu"]
[Date "2023.04.22"]
[Round "8"]
[White "Subedi, Rajan"]
[Black "Nepal, Prakash Chandra"]
[Result "1/2-1/2"]
[WhiteElo "1935"]
[BlackElo "1970"]
[PlyCount "212"]
[EventDate "2023.04.18"]
[EventType "tourn"]
[EventRounds "9"]
[EventCountry "NEP"]
[SourceTitle "EXT 2024"]
[Source "ChessBase"]
[SourceDate "2023.10.10"]
[SourceVersion "1"]
[SourceVersionDate "2023.10.10"]
[SourceQuality "1"]

1. e4 c5 2. Nf3 Nc6 3. d4 cxd4 4. Nxd4 Nf6 5. Nc3 e5 6. Ndb5 d6 7. Bg5 a6 8. Na3 b5 9. Nd5 Be7 10. Bxf6 Bxf6 11. c3 0-0 12. Nc2 Bg5 13. a4 Rb8 14. axb5 axb5 15. Bd3 Be6 16. Ncb4 Bxd5 17. Nxd5 b4 18. h4 Bh6 19. Qa4 bxc3 20. Qxc6 cxb2 21. Rd1 Bc1 22. 0-0 Qxh4 23. Qxd6 Qg5 24. Bb1 Rbe8 25. Qa3 Re6 26. Rd3 Rc8 27. Ba2 b1Q 28. Rc3 Qb8 29. Rfxc1 Rxc3 30. Qxc3 h6 31. Ne3 Re7 32. Bd5 Ra7 33. Qc6 Kh7 34. Qc2 Qb4 35. Rb1 Qd4 36. Nf5 Qdd2 37. Qc5 Qd3 38. Rf1 Qh3 39. Ng3 Qd7 40. Rb1 Rc7 41. Qa3 Rc2 42. Rf1 Qge7 43. Qf3 Qc7 44. Nf5 Qg5 45. Ne3 Rc1 46. Bxf7 Rxf1+ 47. Nxf1 Qf4 48. Be6 Qxf3 49. gxf3 Qc1 50. Bf5+ g6 51. Bh3 Kg7 52. Kg2 Kf6 53. Ng3 Kg5 54. Be6 Qd1 55. Bc4 h5 56. Ne2 Qc2 57. Bb5 Qd2 58. Bc4 Qe1 59. Bb5 Kh6 60. Ng1 g5 61. Bd7 Kg6 62. Bf5+ Kf6 63. Bd7 Ke7 64. Bf5 Kd6 65. Bg6 h4 66. Bf5 Kc5 67. Bg6 Kd4 68. Bf5 Kd3 69. Bg4 Kd2 70. Nh3 Ke2 71. Ng1+ Kd3 72. Nh3 Qc1 73. Bf5 Ke2 74. Ng1+ Ke1 75. Bg4 Qd2 76. Nh3 Qe2 77. Be6 Qd3 78. Bc8 Qf1+ 79. Kh2 Qc4 80. Bg4 Kf1 81. Bf5 Qc1 82. Bd7 Qc4 83. Bf5 Qe2 84. Bg4 Qe1 85. Be6 Qc3 86. Bg4 Qd3 87. Bh5 Qd7 88. Bg4 Qg7 89. Bf5 Qh6 90. Bg4 Qg6 91. Bf5 Qf7 92. Bg4 Ke2 93. Kg2 Qa7 94. Bf5 g4 95. fxg4 Qa3 96. Ng1+ Kd1 97. g5 Qc1 98. Bg4+ Kc2 99. Nh3 Kd3 100. Bf5 Ke2 101. Ng1+ Kd3 102. Nh3 Ke2 103. Ng1+ Kd3 104. Nh3 Ke2 105. Ng1+ Kd3 106. Nh3 Qd1 1/2-1/2

[Event "NEP-ch"]
[Site "Kathmandu"]
[Date "2023.04.18"]
[Round "1"]
[White "Nepal, Prakash Chandra"]
[Black "Jaiswal, Rupesh"]
[Result "0-1"]
[WhiteElo "1970"]
[BlackElo "2153"]
[PlyCount "46"]
[EventDate "2023.04.18"]
[EventType "tourn"]
[EventRounds "9"]
[EventCountry "NEP"]
[SourceTitle "EXT 2024"]
[Source "ChessBase"]
[SourceDate "2023.10.10"]
[SourceVersion "1"]
[SourceVersionDate "2023.10.10"]
[SourceQuality "1"]

1. d4 Nf6 2. c4 g6 3. Nc3 Bg7 4. e4 d6 5. f3 0-0 6. Be3 a6 7. Nge2 b5 8. cxb5 axb5 9. Nxb5 c6 10. Nbc3 Nbd7 11. Rc1 e5 12. dxe5 Nxe5 13. Nd4 d5 14. exd5 Nxd5 15. Nxd5 cxd5 16. a3 Re8 17. Kf2 Qf6 18. h3 Nc4 19. Bxc4 dxc4 20. Rxc4 Ba6 21. Rc6 Qe7 22. Qc1 Bxd4 23. Bxd4 Qh4+ 0-1

[Event "NEP-chB"]
[Site "Bhaktapur"]
[Date "2023.02.06"]
[Round "5"]
[White "Nepal, Prakash Chandra"]
[Black "Lama, Surbir"]
[Result "1/2-1/2"]
[WhiteElo "1962"]
[BlackElo "2003"]
[PlyCount "93"]
[EventDate "2023.02.04"]
[EventType "swiss"]
[EventRounds "9"]
[EventCountry "NEP"]
[SourceTitle "EXT 2024"]
[Source "ChessBase"]
[SourceDate "2023.10.10"]
[SourceVersion "1"]
[SourceVersionDate "2023.10.10"]
[SourceQuality "1"]

1. d4 Nf6 2. Nf3 g6 3. g3 Bg7 4. Bg2 0-0 5. 0-0 d6 6. c4 Nc6 7. Nc3 a6 8. h3 Rb8 9. a4 e5 10. d5 Ne7 11. e4 Ne8 12. Be3 h6 13. Qd2 Kh7 14. Ne1 f5 15. f3 Nf6 16. Nd3 Nh5 17. Bf2 f4 18. gxf4 Nxf4 19. Nxf4 Rxf4 20. Bg3 Rf8 21. f4 exf4 22. Rxf4 Rxf4 23. Qxf4 g5 24. Qf7 Bd7 25. c5 Be8 26. Qf2 Ng6 27. cxd6 cxd6 28. Ne2 Ne5 29. Nd4 Bg6 30. Ne6 Qe7 31. Qa7 Rc8 32. Nxg7 Kxg7 33. Bxe5+ dxe5 34. Rd1 Rd8 35. Rc1 Rd7 36. Rc8 Rc7 37. Rb8 g4 38. d6 Qxd6 39. Rxb7 Rxb7 40. Qxb7+ Kf6 41. hxg4 Qd4+ 42. Kh2 a5 43. Qc7 Qxb2 44. Qd8+ Kf7 45. Qd7+ Kf6 46. Qd8+ Kf7 47. Qd7+ 1/2-1/2

[Event "NEP-chB"]
[Site "Bhaktapur"]
[Date "2023.02.05"]
[Round "4"]
[White "Shrestha, Keshav"]
[Black "Nepal, Prakash Chandra"]
[Result "1/2-1/2"]
[WhiteElo "1913"]
[BlackElo "1962"]
[PlyCount "187"]
[EventDate "2023.02.04"]
[EventType "swiss"]
[EventRounds "9"]
[EventCountry "NEP"]
[SourceTitle "EXT 2024"]
[Source "ChessBase"]
[SourceDate "2023.10.10"]
[SourceVersion "1"]
[SourceVersionDate "2023.10.10"]
[SourceQuality "1"]

1. e4 c5 2. Nc3 Nc6 3. f4 g6 4. Nf3 Bg7 5. a4 e6 6. Bc4 Nge7 7. e5 d6 8. exd6 Qxd6 9. d3 Nd5 10. Ne4 Qe7 11. 0-0 0-0 12. c3 b6 13. Qe2 Qc7 14. g3 Bb7 15. Bd2 Rad8 16. Bb3 Ba6 17. Bc2 Rd7 18. Rad1 Rfd8 19. Bc1 h6 20. h4 e5 21. fxe5 Nxe5 22. Nxe5 Qxe5 23. Qf2 f5 24. Nd2 Ne3 25. Rde1 Ng4 26. Rxe5 Nxf2 27. Re6 Nxd3 28. Bxd3 Bxd3 29. Rfe1 Bc2 30. Nf1 Kf7 31. R6e2 Bxa4 32. Bf4 Bb5 33. Re3 Rd1 34. Kf2 Rxe1 35. Rxe1 Bxf1 36. Kxf1 Rd7 37. Kf2 Re7 38. Rd1 Rb7 39. Rd6 h5 40. Rc6 Rd7 41. Ke2 Re7+ 42. Kf3 Be5 43. Bxe5 Rxe5 44. Rc8 Re4 45. Rc6 Ra4 46. Ke3 Kg7 47. Rd6 Ra2 48. Rd2 Ra4 49. Kf3 Kh6 50. Ke3 Re4+ 51. Kf3 Re1 52. Rd7 Rf1+ 53. Ke3 Rb1 54. Rd2 Rf1 55. Rd7 Rg1 56. Kf3 Rb1 57. Rd2 a5 58. Kf4 a4 59. Ke5 Rf1 60. Rd6 Rf3 61. Rxb6 Rxg3 62. Kf6 Rd3 63. Rb8 Rd6+ 64. Ke5 Ra6 65. Rb5 Rc6 66. Ra5 Rb6 67. Rxa4 Rxb2 68. Ra5 Rh2 69. Kf6 Rd2 70. Rxc5 Rd6+ 71. Ke5 Ra6 72. Rc8 Ra5+ 73. Kf6 Ra6+ 74. Ke5 Ra5+ 75. Kf4 Ra1 76. Ke5 Ra5+ 77. Kf6 Ra6+ 78. Ke5 Ra5+ 79. Kf4 Ra1 80. c4 Re1 81. c5 Re4+ 82. Kg3 Rg4+ 83. Kh3 Kg7 84. c6 Kh7 85. Rd8 Rc4 86. Rd7+ Kh6 87. c7 Rc3+ 88. Kg2 g5 89. Rd6+ Kg7 90. hxg5 Rxc7 91. Kf3 Rc4 92. Rf6 Rg4 93. Rxf5 Kg6 94. Ra5 1/2-1/2

[Event "NEP-chB"]
[Site "Bhaktapur"]
[Date "2023.02.04"]
[Round "1"]
[White "Nepal, Prakash Chandra"]
[Black "Karki, Rajiv"]
[Result "1-0"]
[WhiteElo "1962"]
[BlackElo "1689"]
[PlyCount "99"]
[EventDate "2023.02.04"]
[EventType "swiss"]
[EventRounds "9"]
[EventCountry "NEP"]
[SourceTitle "EXT 2024"]
[Source "ChessBase"]
[SourceDate "2023.10.10"]
[SourceVersion "1"]
[SourceVersionDate "2023.10.10"]
[SourceQuality "1"]

1. d4 Nf6 2. c4 e6 3. Nc3 Bb4 4. e3 Ne4 5. Qc2 f5 6. Bd3 d5 7. Nge2 0-0 8. 0-0 c6 9. f3 Nxc3 10. bxc3 Bd6 11. cxd5 exd5 12. c4 Na6 13. a3 Nc7 14. Bd2 Kh8 15. c5 Be7 16. Ng3 g6 17. Rab1 Ne6 18. Ne2 Bf6 19. Qa4 Qc7 20. f4 Qg7 21. Kh1 Re8 22. Qc2 Nf8 23. a4 Nd7 24. a5 a6 25. Rb2 Bd8 26. Rfb1 Nf6 27. Ng1 Ra7 28. h3 Ng4 29. Re1 Bh4 30. Re2 Nf2+ 31. Kh2 Ne4 32. Be1 Bxe1 33. Rxe1 g5 34. Bxe4 Rxe4 35. fxg5 Qc7+ 36. Kh1 Qxa5 37. Rbb1 Qc7 38. Qf2 Ra8 39. Nf3 Bd7 40. Ne5 Rf8 41. Rf1 Kg7 42. Rb6 Rb8 43. Rfb1 Be8 44. Qg3 Bg6 45. Qf2 a5 46. Nxc6 Re7 47. Nxe7 Qxe7 48. Qf4 Rd8 49. Rxb7 Rd7 50. c6 1-0

[Event "Liwali Bhaktapur Cup"]
[Site "Liwali"]
[Date "2021.03.15"]
[Round "5.3"]
[White "Nepal, Prakash Chandra"]
[Black "Jaiswal, Rupesh"]
[Result "1/2-1/2"]
[WhiteElo "1937"]
[BlackElo "2115"]
[PlyCount "31"]
[EventDate "2021.03.13"]
[EventType "team-swiss"]
[EventRounds "7"]
[EventCountry "NEP"]
[SourceTitle "EXT 2022"]
[Source "ChessBase"]
[SourceDate "2021.10.06"]
[SourceVersion "1"]
[SourceVersionDate "2021.10.06"]
[SourceQuality "1"]
[WhiteTeam "Damak Municipality"]
[BlackTeam "Hetauda Sub Metropolitan City"]
[WhiteTeamCountry "NEP"]
[BlackTeamCountry "NEP"]

1. d4 Nf6 2. c4 g6 3. Nc3 Bg7 4. e4 d6 5. f3 0-0 6. Be3 a6 7. Nge2 Nbd7 8. Qd2 c5 9. Bh6 b5 10. Bxg7 Kxg7 11. cxb5 Qa5 12. Nc1 Bb7 13. bxa6 Bxa6 14. Bxa6 Qxa6 15. N1e2 Rfb8 16. b3 1/2-1/2

[Event "BAN-chT"]
[Site "Dhaka"]
[Date "2019.12.15"]
[Round "9.2"]
[White "Pranav, Shetty"]
[Black "Nepal, Prakash Chandra"]
[Result "1-0"]
[WhiteElo "2162"]
[BlackElo "1974"]
[PlyCount "121"]
[EventDate "2019.12.07"]
[EventType "team-tourn"]
[EventRounds "11"]
[EventCountry "BAN"]
[SourceTitle "CBM 194 Extra"]
[Source "ChessBase"]
[SourceDate "2020.03.31"]
[SourceVersion "1"]
[SourceVersionDate "2020.03.31"]
[SourceQuality "1"]
[WhiteTeam "Sheikh Russel"]
[BlackTeam "Sonargaon CC"]
[WhiteTeamCountry "BAN"]
[BlackTeamCountry "BAN"]

1. e4 c5 2. Nc3 e6 3. Nf3 a6 4. d4 cxd4 5. Nxd4 Nc6 6. Be3 Nf6 7. Bd3 Qc7 8. 0-0 Be7 9. Kh1 0-0 10. f4 d6 11. Qf3 Bd7 12. Rae1 Nxd4 13. Bxd4 Bc6 14. Qh3 e5 15. fxe5 dxe5 16. Nd5 Bxd5 17. Bxe5 Qxe5 18. exd5 Qxb2 19. Rxe7 g6 20. Qf3 Kg7 21. g4 h6 22. h4 Qd4 23. Rxb7 Rae8 24. c3 Qxd5 25. Qxd5 Nxd5 26. Bc4 Nxc3 27. Bxf7 Rb8 28. Re7 Rb1 29. Be8+ Kh8 30. Rxb1 Nxb1 31. Bxg6 Rf4 32. Bf5 Nc3 33. Rh7+ Kg8 34. Rxh6 Nxa2 35. Rxa6 Nc3 36. Kg2 Ne2 37. h5 Nd4 38. Bd7 Kh7 39. Kg3 Rf7 40. Rd6 Ne2+ 41. Kh4 Ng1 42. Bf5+ Kh8 43. Rd3 Ne2 44. Kg5 Rg7+ 45. Kf6 Nf4 46. Rd8+ Rg8 47. Rd7 Nxh5+ 48. gxh5 Rf8+ 49. Kg5 Re8 50. Kh6 Kg8 51. Rg7+ Kh8 52. Rc7 Kg8 53. Bd3 Rd8 54. Bc4+ Kf8 55. Rf7+ Ke8 56. Kg7 Rd4 57. Bb5+ Kd8 58. h6 Rg4+ 59. Kf8 Rh4 60. h7 Rh5 61. Kg8 1-0

[Event "BAN-chT"]
[Site "Dhaka"]
[Date "2019.12.10"]
[Round "4.2"]
[White "Zia, Tahsin Tajwar"]
[Black "Nepal, Prakash Chandra"]
[Result "1/2-1/2"]
[WhiteElo "2148"]
[BlackElo "1974"]
[PlyCount "178"]
[EventDate "2019.12.07"]
[EventType "team-tourn"]
[EventRounds "11"]
[EventCountry "BAN"]
[SourceTitle "CBM 193 Extra"]
[Source "ChessBase"]
[SourceDate "2020.01.31"]
[SourceVersion "1"]
[SourceVersionDate "2020.01.31"]
[SourceQuality "1"]
[WhiteTeam "Uttara Central CC"]
[BlackTeam "Sonargaon CC"]
[WhiteTeamCountry "BAN"]
[BlackTeamCountry "BAN"]

1. d4 Nf6 2. Nf3 g6 3. Bf4 Bg7 4. e3 0-0 5. h3 d6 6. Be2 Nbd7 7. Bh2 Qe8 8. Na3 a6 9. Nc4 b5 10. Na5 c5 11. c4 bxc4 12. Nxc4 Bb7 13. 0-0 Qd8 14. a4 cxd4 15. Nxd4 Bd5 16. b4 Rc8 17. Nd2 Qb6 18. b5 e5 19. Nc2 axb5 20. axb5 Qc5 21. Rc1 Nb6 22. Na1 Qb4 23. Rb1 Qa3 24. Nc2 Qc5 25. Nb4 Bb7 26. Qb3 Nfd5 27. Bf3 Rfe8 28. Bxd5 Nxd5 29. Ne4 Qxb4 30. Qxb4 Nxb4 31. Nxd6 Bf8 32. Nxb7 Rb8 33. Na5 Rxb5 34. Nc6 Re6 35. Nxb4 Rxb4 36. Rxb4 Bxb4 37. Rb1 Be7 38. g4 Kg7 39. Rb5 Bf6 40. h4 Bxh4 41. Bxe5+ Bf6 42. Bxf6+ Rxf6 43. f4 h6 44. Kg2 Re6 45. Kf3 Re7 46. e4 Ra7 47. Rb3 Rc7 48. f5 Rc1 49. Kf4 g5+ 50. Ke5 Rc5+ 51. Kd4 Rc1 52. Ke5 Rc5+ 53. Kd4 Rc1 54. Rb8 Ra1 55. Rc8 Ra4+ 56. Rc4 Ra1 57. Ke5 Ra5+ 58. Kd4 Ra1 59. Ke5 Ra5+ 60. Kd6 Kf6 61. Rc6 Re5 62. Kd7+ Kg7 63. Rc4 Kf6 64. Kd6 Ra5 65. Rc6 Re5 66. Ra6 Rb5 67. Kc6 Re5 68. Kd6 Rb5 69. Rc6 Re5 70. Rc4 Ra5 71. Rc6 Re5 72. Kd7+ Kg7 73. Rc4 Kf6 74. Kd6 Ra5 75. Rc6 Re5 76. Ra6 Rb5 77. Kc6 Re5 78. Ra4 Ke7 79. Rd4 Kf6 80. Kd6 Ra5 81. Rd5 Ra6+ 82. Kc5 Ra4 83. Rd4 Ra5+ 84. Kc6 Ra6+ 85. Kd5 Ra5+ 86. Kc6 Ra6+ 87. Kd5 Ra5+ 88. Kc4 Ra4+ 89. Kd5 Ra5+ 1/2-1/2

[Event "BAN-chT"]
[Site "Dhaka"]
[Date "2019.12.08"]
[Round "2.1"]
[White "Nepal, Prakash Chandra"]
[Black "Murshed, Niaz"]
[Result "0-1"]
[WhiteElo "1974"]
[BlackElo "2413"]
[PlyCount "74"]
[EventDate "2019.12.07"]
[EventType "team-tourn"]
[EventRounds "11"]
[EventCountry "BAN"]
[SourceTitle "CBM 193 Extra"]
[Source "ChessBase"]
[SourceDate "2020.01.31"]
[SourceVersion "1"]
[SourceVersionDate "2020.01.31"]
[SourceQuality "1"]
[WhiteTeam "Sonargaon CC"]
[BlackTeam "Bangladesh Police"]
[WhiteTeamCountry "BAN"]
[BlackTeamCountry "BAN"]

1. d4 d5 2. c4 dxc4 3. e4 Nc6 4. Nf3 Bg4 5. Be3 Nf6 6. Nc3 e6 7. Bxc4 Bb4 8. Qc2 0-0 9. Rd1 Qe7 10. 0-0 e5 11. d5 Nd4 12. Bxd4 exd4 13. Rxd4 Bxf3 14. gxf3 Bd6 15. Ne2 Nh5 16. Rfd1 Qe5 17. Ng3 Bc5 18. R4d3 Nf4 19. R3d2 Bb4 20. Rd4 Bd6 21. Kf1 Qg5 22. a3 Be5 23. R4d2 h5 24. Ke1 h4 25. Ne2 Ng2+ 26. Kf1 Nf4 27. Nxf4 Bxf4 28. Rd3 Bxh2 29. Ke2 Bd6 30. Rb3 b6 31. Bd3 h3 32. Rh1 h2 33. Qd1 g6 34. Rc3 Kg7 35. Rc1 Rh8 36. Qa4 Qf6 37. Qc2 Rh3 0-1

[Event "Dhaka Saarc op"]
[Site "Dhaka"]
[Date "2019.11.30"]
[Round "6"]
[White "Nepal, Prakash Chandra"]
[Black "Ahmed, Mahtabuddin"]
[Result "1-0"]
[WhiteElo "1894"]
[BlackElo "2035"]
[PlyCount "43"]
[EventDate "2019.11.25"]
[EventType "swiss"]
[EventRounds "9"]
[EventCountry "BAN"]
[SourceTitle "CBM 193 Extra"]
[Source "ChessBase"]
[SourceDate "2020.01.31"]
[SourceVersion "1"]
[SourceVersionDate "2020.01.31"]
[SourceQuality "1"]

1. d4 d5 2. c4 c6 3. Nf3 Bf5 4. cxd5 cxd5 5. Nc3 Nf6 6. Bf4 Nc6 7. Qb3 Na5 8. Qa4+ Bd7 9. Qc2 e6 10. e3 Rc8 11. Rc1 Ne4 12. Bd3 Nxc3 13. bxc3 h6 14. Ne5 Be7 15. Qe2 Bf6 16. Qh5 Bxe5 17. Bxe5 0-0 18. h4 Qe7 19. Rh3 f6 20. Qg6 fxe5 21. Qh7+ Kf7 22. Bg6+ 1-0

[Event "Budha Bhandari Memorial"]
[Site "Budhanilkantha"]
[Date "2019.11.13"]
[Round "8"]
[White "Luu, Duc Hai"]
[Black "Nepal, Prakash Chandra"]
[Result "0-1"]
[WhiteElo "1816"]
[BlackElo "1894"]
[PlyCount "62"]
[EventDate "2019.11.09"]
[EventType "swiss"]
[EventRounds "9"]
[EventCountry "NEP"]
[SourceTitle "CBM 193 Extra"]
[Source "ChessBase"]
[SourceDate "2020.01.31"]
[SourceVersion "1"]
[SourceVersionDate "2020.01.31"]
[SourceQuality "1"]

1. d4 Nf6 2. e3 g6 3. Bd3 Bg7 4. e4 d6 5. f3 Nbd7 6. Be3 e5 7. c3 a6 8. a4 b6 9. Ne2 Rb8 10. b4 0-0 11. Qd2 d5 12. Bg5 Qe8 13. Qe3 Bb7 14. Nd2 dxe4 15. fxe4 exd4 16. cxd4 c5 17. 0-0 cxd4 18. Qf4 Nh5 19. Qf2 Ne5 20. Ra3 Nxd3 21. Rxd3 Bxe4 22. Rh3 h6 23. Bh4 Bf5 24. Rb3 d3 25. Nd4 Bd7 26. Rxd3 g5 27. Nf5 Bxf5 28. Qxf5 Nf4 29. Re1 Qc6 30. Rf3 Rfe8 31. Ref1 Re2 0-1

[Event "Budha Bhandari Memorial"]
[Site "Budhanilkantha"]
[Date "2019.11.12"]
[Round "5"]
[White "Nepal, Prakash Chandra"]
[Black "Lama, Surbir"]
[Result "1-0"]
[WhiteElo "1894"]
[BlackElo "2014"]
[PlyCount "71"]
[EventDate "2019.11.09"]
[EventType "swiss"]
[EventRounds "9"]
[EventCountry "NEP"]
[SourceTitle "CBM 193 Extra"]
[Source "ChessBase"]
[SourceDate "2020.01.31"]
[SourceVersion "1"]
[SourceVersionDate "2020.01.31"]
[SourceQuality "1"]

1. d4 Nf6 2. Nf3 g6 3. g3 Bg7 4. Bg2 0-0 5. c4 d6 6. Nc3 Nc6 7. 0-0 h6 8. h3 e5 9. e4 exd4 10. Nxd4 Nxd4 11. Qxd4 Ng4 12. Qd3 Ne5 13. Qe2 Be6 14. Nd5 c6 15. Ne3 Qb6 16. Rb1 a5 17. Rd1 Qc5 18. b3 a4 19. f4 axb3 20. axb3 Nd7 21. b4 Qb6 22. Rxd6 Rfe8 23. Rd1 Ra4 24. Bd2 Ra2 25. c5 Qc7 26. Qd3 Nf6 27. Bc3 Qc8 28. g4 Ra3 29. Ra1 Rxc3 30. Qxc3 Nh5 31. e5 Nxf4 32. Rd2 Qc7 33. Nc4 Bxc4 34. Qxc4 Qxe5 35. Rad1 Qe3+ 36. Kh1 1-0

[Event "Budha Bhandari Memorial"]
[Site "Budhanilkantha"]
[Date "2019.11.11"]
[Round "4"]
[White "Baisynov, Islam"]
[Black "Nepal, Prakash Chandra"]
[Result "0-1"]
[WhiteElo "1973"]
[BlackElo "1894"]
[PlyCount "82"]
[EventDate "2019.11.09"]
[EventType "swiss"]
[EventRounds "9"]
[EventCountry "NEP"]
[SourceTitle "CBM 193 Extra"]
[Source "ChessBase"]
[SourceDate "2020.01.31"]
[SourceVersion "1"]
[SourceVersionDate "2020.01.31"]
[SourceQuality "1"]

1. e4 c5 2. Nf3 e6 3. Nc3 a6 4. a4 Nc6 5. g3 b6 6. Bg2 Bb7 7. 0-0 d6 8. d4 cxd4 9. Nxd4 Qc7 10. Be3 Nf6 11. Qe2 Be7 12. Rad1 0-0 13. Qc4 Rfc8 14. Nb3 Ng4 15. Bc1 Nge5 16. Qe2 Nb4 17. f4 Nc4 18. Kh1 Bf6 19. Rf3 Rab8 20. Nd2 Nxd2 21. Qxd2 Rd8 22. Qf2 Bc6 23. g4 d5 24. exd5 Nxd5 25. Nxd5 Bxd5 26. Rfd3 Bxg2+ 27. Qxg2 Rxd3 28. Rxd3 Rc8 29. c3 Qc4 30. Qe2 Qc6+ 31. Kg1 Qxa4 32. Be3 Qc6 33. Qf2 b5 34. g5 Be7 35. b4 Rd8 36. Bd4 Qe4 37. Re3 Qf5 38. Re1 Qg4+ 39. Kh1 Bd6 40. Rf1 Rc8 41. Qe3 Qf5 0-1

[Event "Mumbai Wealth op 4th"]
[Site "Mumbai"]
[Date "2019.01.02"]
[Round "4"]
[White "Nepal, Prakash Chandra"]
[Black "Kanyamarala, Tarun"]
[Result "0-1"]
[WhiteElo "1902"]
[BlackElo "2120"]
[PlyCount "60"]
[EventDate "2018.12.30"]
[EventType "swiss"]
[EventRounds "9"]
[EventCountry "IND"]
[SourceTitle "CBM 188 Extra"]
[Source "ChessBase"]
[SourceDate "2019.02.28"]
[SourceVersion "1"]
[SourceVersionDate "2019.02.28"]
[SourceQuality "1"]

1. d4 d5 2. c4 e6 3. Nc3 Bb4 4. cxd5 exd5 5. Bf4 Ne7 6. Bg5 f6 7. Bf4 0-0 8. Qb3 Nbc6 9. e3 Re8 10. Bd3 Bf5 11. Bxf5 Nxf5 12. Kf1 Bxc3 13. Qxc3 g5 14. Bg3 h5 15. Qd3 Qd7 16. Ne2 h4 17. Bxc7 Rac8 18. Bf4 gxf4 19. Nxf4 Re4 20. g3 h3 21. Qd1 Ng7 22. Qd3 Nb4 23. Qb3 Qb5+ 24. Kg1 Rc2 25. Nxh3 Qc4 26. Qa4 Nc6 27. Qa3 Nf5 28. Rd1 Nxe3 29. b3 Qe2 30. Rc1 Qf3 0-1

[Event "Mumbai Wealth op 4th"]
[Site "Mumbai"]
[Date "2019.01.01"]
[Round "3"]
[White "Safranska, Anda"]
[Black "Nepal, Prakash Chandra"]
[Result "1-0"]
[WhiteElo "2189"]
[BlackElo "1902"]
[PlyCount "141"]
[EventDate "2018.12.30"]
[EventType "swiss"]
[EventRounds "9"]
[EventCountry "IND"]
[SourceTitle "CBM 188 Extra"]
[Source "ChessBase"]
[SourceDate "2019.02.28"]
[SourceVersion "1"]
[SourceVersionDate "2019.02.28"]
[SourceQuality "1"]

1. Nf3 c5 2. g3 b6 3. Bg2 Bb7 4. 0-0 g6 5. d3 Bg7 6. e4 Nc6 7. Re1 e5 8. c3 Nge7 9. a3 a5 10. a4 0-0 11. Na3 d5 12. exd5 Nxd5 13. Nc4 Qc7 14. Qb3 Rad8 15. Nfd2 Nce7 16. Na3 Kh8 17. Ndc4 Bc6 18. Nb5 Qb8 19. Bd2 f6 20. Rad1 Rd7 21. d4 cxd4 22. cxd4 Rfd8 23. dxe5 fxe5 24. Nc3 Nb4 25. Ne4 Bd5 26. Bf1 Nec6 27. Bg5 Nd4 28. Rxd4 exd4 29. Bxd8 Qxd8 30. Qd1 h6 31. Qg4 Kh7 32. Nxb6 Rf7 33. Nxd5 Qxd5 34. Nd2 Rc7 35. Re6 Qg5 36. Qe4 Rf7 37. f4 Qf5 38. Qxf5 Rxf5 39. Rd6 Rc5 40. Bc4 Rc6 41. Rd7 Nc2 42. b3 Ne3 43. Kf2 Ng4+ 44. Kg2 Ne3+ 45. Kf3 g5 46. f5 g4+ 47. Ke4 h5 48. Ra7 Kh6 49. Rxa5 Kg5 50. f6+ Kxf6 51. Rxh5 Kg6 52. Ra5 Rc8 53. Ra6+ Bf6 54. Kd3 Kg7 55. Ne4 Be5 56. Re6 Bb8 57. Re7+ Kg6 58. Bf7+ Kh6 59. Be6 Rd8 60. Nf2 Kg5 61. Ne4+ Kg6 62. Bf7+ Kh6 63. Re8 Rxe8 64. Bxe8 Ba7 65. b4 Nf1 66. a5 Nxh2 67. b5 Nf3 68. b6 Bb8 69. a6 Ne5+ 70. Kxd4 Nf3+ 71. Kd5 1-0

[Event "Bhopal op"]
[Site "Bhopal"]
[Date "2018.12.22"]
[Round "3"]
[White "Nepal, Prakash Chandra"]
[Black "Movsziszian, Karen"]
[Result "0-1"]
[WhiteElo "1902"]
[BlackElo "2505"]
[PlyCount "42"]
[EventDate "2018.12.21"]
[EventType "swiss"]
[EventRounds "10"]
[EventCountry "IND"]
[SourceTitle "CBM 188 Extra"]
[Source "ChessBase"]
[SourceDate "2019.02.28"]
[SourceVersion "1"]
[SourceVersionDate "2019.02.28"]
[SourceQuality "1"]

1. d4 c5 2. d5 Nf6 3. c4 d6 4. Nc3 g6 5. e4 Bg7 6. Nge2 0-0 7. Ng3 e6 8. Be2 exd5 9. cxd5 a6 10. a4 Re8 11. 0-0 Nbd7 12. f4 c4 13. Bxc4 Nc5 14. Re1 Ng4 15. Nf1 Qb6 16. a5 Qa7 17. Be3 Nxe3 18. Nxe3 Nxe4 19. Qd3 Bf5 20. Nxe4 Rxe4 21. Kh1 Rae8 0-1